Dans le vide - Josman - Statistiques

Statistiques générales
  • Ce quiz a été pris 73 fois
  • Le résultat moyen est 246 sur 509
Statistiques - réponses
Réponse % Correct
me
98%
à
95%
dans
95%
le
95%
de
93%
ma
93%
je
91%
et
88%
les
88%
mer
86%
que
86%
ta
86%
la
84%
au
81%
bord
81%
couilles
81%
un
81%
yeux
81%
ces
79%
dla
79%
du
79%
étoile
79%
jme
79%
mère
79%
star
79%
jrêve
77%
merde
77%
tant
77%
une
77%
disent
74%
mbarrer
74%
bâtards
72%
ça
72%
dêtre
72%
dma
72%
jm'en
72%
mappelle
72%
voix
72%
sais
70%
seigneur
70%
pas
67%
bats
65%
jai
65%
tu
65%
en
63%
mais
63%
vide
63%
cachette
56%
jsuis
56%
qujsuis
56%
tas
56%
chaque
53%
pleures
53%
sur
53%
bas
51%
devoir
51%
gâchette
51%
moi
51%
peine
51%
rêve
51%
rêvé
51%
revolver
51%
ste
51%
voir
51%
car
49%
jattends
49%
larme
49%
nappuie
49%
plaît
49%
tes
49%
veux
49%
si
47%
chérie
44%
fin
44%
jaime
44%
mes
44%
tomber
44%
face
42%
mois
42%
peu
42%
trouve
42%
est
40%
jen
40%
nen
40%
paye
40%
remplace
40%
sourire
40%
des
37%
quun
37%
larmes
35%
poto
35%
hâte
33%
juste
33%
plus
33%
vas
33%
pattes
30%
qui
30%
traînes
30%
ceinture
28%
pour
28%
qualités
28%
défauts
26%
loin
26%
mille
26%
tape
26%
yeah
26%
drogue
23%
léquilibre
23%
marchera
23%
peur
23%
besoin
21%
celui
21%
diable
21%
erreurs
21%
fait
21%
fautes
21%
frappe
21%
porte
21%
rapproche
21%
taper
21%
connu
19%
faux
19%
high
19%
rapporte
19%
vrais
19%
cest
16%
il
16%
importe
16%
jouvre
16%
quand
16%
risques
16%
aps
14%
jcherche
14%
jprends
14%
bien
12%
cherches
12%
dccque
12%
hauts
12%
nai
12%
resserrée
12%
mets
9%
nannannan
9%
on
9%
redescend
9%
bails
7%
die
7%
droit
7%
mauvais
7%
monde
7%
mood
7%
affaires
5%
incessant
5%
lnez
5%
rentre
5%
yeahyeah
5%
fermes
2%
indécent
2%
maille
2%
nécessaire
2%
sert
2%
touche
2%
yeahyeahyeah
2%
après
0%
cours
0%
daccord
0%
dvous
0%
faire
0%
gloire
0%
guerre
0%
heureux
0%
jfuck
0%
lbonheur
0%
lêtre
0%
lettre
0%
lnerf
0%
longtemps
0%
mettre
0%
ouh
0%
pouvoir
0%
règles
0%
seul
0%
suit
0%
Aucun quiz correspondant
Distribution des résultats
% des personnes avec chaque résultat
Percentile par nombre de réponses
Votre historique - résultats
Vous n’avez pas pris ce quiz